Cose che non dovresti sapere

Furkejuvvon:
Bibliográfalaš dieđut
Váldodahkki: Anderson, Louise
Materiálatiipa: Girji
Giella:Undetermined
Almmustuhtton: Roma, Italia Newton & Compton 2005
Fáttát:
Fáddágilkorat: Lasit fáddágilkoriid
Eai fáddágilkorat, Lasit vuosttaš fáddágilkora!

MARC

LEADER 00000nam a2200000Ia 4500
008 170316s9999 xx 000 0 und d
999 |c 8107  |d 8107 
040 |a cru BVZT 
090 |a 850 A-7c 
100 |a Anderson, Louise 
245 |a Cose che non dovresti sapere  |c / Louise Anderson 
260 |a Roma, Italia  |b Newton & Compton  |c 2005 
300 |a 383 páginas 
650 |a LITERATURA ITALIANA  |9 212 
650 |a EN IDIOMA ITALIANO 
650 |a NOVELA  |9 13 
942 |c 15 D  |h 850 A-7c  |2 z